Sports Quiz

Random Sports or NHL Quiz

People on Sports Logos Quiz Stats

 Plays Quiz not verified by Sporcle

Score 0/7 Timer 02:00
0 Plays Today
% Correct
New England Patriots
94.5%
Boston Celtics
70%
Washington Redskins
59.6%
Oakland Raiders
54.6%
Minnesota Vikings
53.4%
Chicago Blackhawks
52.2%
Ottawa Senators
44%

You're not logged in!

Compare scores with friends on all Sporcle quizzes.
OR
Log In

Sporcle TV

Today on Sporcle TV


Watch our educational content, quiz creation guides, and fun videos on Sporcle TV.

Show Comments

Extras

Top Quizzes Today


Score Distribution

Your Account Isn't Verified!

In order to create a playlist on Sporcle, you need to verify the email address you used during registration. Go to your Sporcle Settings to finish the process.

Report this User

Report this user for behavior that violates our Community Guidelines.

Details: